Особенности поведения радиоэлементов на основе изучения радиоактивного равновесия в рудах месторождения Дыбрын (Витимский урановорудный район, Республика Бурятия); Вестник Российской академии естественных наук (Западно-Сибирское отделение); Вып. 16
| Parent link: | Вестник Российской академии естественных наук (Западно-Сибирское отделение): научно-технический журнал.— , 2008- Вып. 16.— 2014.— [С. 10-16] |
|---|---|
| Korporativní autor: | |
| Další autoři: | , , , , , |
| Shrnutí: | Заглавие с экрана Установленные на поле характеристики для всех гидрогенных месторождений подразделяются по коэффициенту распределения радиоактивного равновесия (K). Это проявляется в наличии вокруг краев месторождений радия внешних и внутренних ореолов радия, возникающих на границе окисленных пород. The characteristics for hydrogenous deposits were defined by the data of radioactive equilibrium coefficient distribution. It is appeared near of radium deposits borders. The local radium distribution is appeared on the borders of blossom rock. Режим доступа: по договору с организацией-держателем ресурса |
| Jazyk: | ruština |
| Vydáno: |
2014
|
| Témata: | |
| On-line přístup: | http://elibrary.ru/item.asp?id=21422710 http://library.sibsiu.ru/LibrPublicationsSectionsPublicationsFilesDownload.asp?lngSection=84&lngPublication=167&lngFile=177&strParent=LibrPublicationsSectionsPublicationsFiles |
| Médium: | Elektronický zdroj Kapitola |
| KOHA link: | https://koha.lib.tpu.ru/cgi-bin/koha/opac-detail.pl?biblionumber=641053 |
MARC
| LEADER | 00000naa0a2200000 4500 | ||
|---|---|---|---|
| 001 | 641053 | ||
| 005 | 20250313145850.0 | ||
| 035 | |a (RuTPU)RU\TPU\network\5931 | ||
| 090 | |a 641053 | ||
| 100 | |a 20150507d2014 k||y0rusy50 ca | ||
| 101 | 0 | |a rus | |
| 102 | |a RU | ||
| 135 | |a drcn ---uucaa | ||
| 181 | 0 | |a i | |
| 182 | 0 | |a b | |
| 200 | 1 | |a Особенности поведения радиоэлементов на основе изучения радиоактивного равновесия в рудах месторождения Дыбрын (Витимский урановорудный район, Республика Бурятия) |f В. А. Домаренко [и др.] | |
| 203 | |a Текст |c электронный | ||
| 300 | |a Заглавие с экрана | ||
| 320 | |a [Библиогр.: с. 16 (4 назв.)] | ||
| 330 | |a Установленные на поле характеристики для всех гидрогенных месторождений подразделяются по коэффициенту распределения радиоактивного равновесия (K). Это проявляется в наличии вокруг краев месторождений радия внешних и внутренних ореолов радия, возникающих на границе окисленных пород. | ||
| 330 | |a The characteristics for hydrogenous deposits were defined by the data of radioactive equilibrium coefficient distribution. It is appeared near of radium deposits borders. The local radium distribution is appeared on the borders of blossom rock. | ||
| 333 | |a Режим доступа: по договору с организацией-держателем ресурса | ||
| 461 | |t Вестник Российской академии естественных наук (Западно-Сибирское отделение) |o научно-технический журнал |d 2008- | ||
| 463 | |t Вып. 16 |v [С. 10-16] |d 2014 | ||
| 610 | 1 | |a электронный ресурс | |
| 610 | 1 | |a труды учёных ТПУ | |
| 701 | 1 | |a Домаренко |b В. А. |c геолог |c доцент Томского политехнического университета, кандидат геолого-минералогических наук |f 1947- |g Виктор Алексеевич |3 (RuTPU)RU\TPU\pers\26058 |9 11897 | |
| 701 | 1 | |a Краморенко |b С. В. | |
| 701 | 1 | |a Новгородцев |b С. В. | |
| 701 | 1 | |a Митрофанов |b Е. А. | |
| 701 | 1 | |a Деревенец |b В. Г. | |
| 701 | 1 | |a Чернев |b Е. М. |c электроник |c кафедра геоэкологии и геохимии Томского политехнического университета |g Евгений Михайлович |3 (RuTPU)RU\TPU\pers\25746 | |
| 712 | 0 | 2 | |a Национальный исследовательский Томский политехнический университет (ТПУ) |b Институт кибернетики (ИК) |b Кафедра автоматизации и роботизации в машиностроении (АРМ) |3 (RuTPU)RU\TPU\col\18704 |
| 801 | 2 | |a RU |b 63413507 |c 20150507 |g RCR | |
| 856 | 4 | |u http://elibrary.ru/item.asp?id=21422710 | |
| 856 | 4 | |u http://library.sibsiu.ru/LibrPublicationsSectionsPublicationsFilesDownload.asp?lngSection=84&lngPublication=167&lngFile=177&strParent=LibrPublicationsSectionsPublicationsFiles | |
| 942 | |c CF | ||